00449nam a2200193Ia 4500003000400000005001700004008004100021020002200062040000700084041000800091082001600099100001600115245002600131260003700157300001400194365001300208650001200221650002200233OSt20230509104647.0210423s2013 xx 000 0 und d a978-81-7482-114-0 cAL aeng a032.02 JOSU aJOSHI (P N) aUpkars SSB interviews aNew DelhibUpkar prakashanc2013 av,184bPB b140cINR aGeneral aGeneral Knowledge